Teorie práva

Enregistré dans:
Détails bibliographiques
Auteur principal: Boguszak, Jiří
Autres auteurs: Čapek, Jiří, Gerloch, Aleš
Format: Livre
Langue:tchèque
Publié: Praha ASPI Publishing 2004
Édition:2. přeprac. vyd.
Sujets:
Tags: Ajouter un tag
Pas de tags, Soyez le premier à ajouter un tag!

MARC

LEADER 00000nam a2200000 4500
001 0172008
005 20240226134338.1
020 |a 80-7357-030-0 
041 0 |a cze 
044 |a CZ 
245 1 0 |a Teorie práva  |c Jiří Boguszak, Jiří Čapek, Aleš Gerloch 
250 |a 2. přeprac. vyd. 
264 1 |a Praha  |b ASPI Publishing  |c 2004 
300 |a 347 s. 
610 2 0 |a právo 
610 2 0 |a veda 
610 2 0 |a právo európske 
610 2 0 |a normy právne 
610 2 0 |a vzťahy právne 
610 2 0 |a zodpovednosť právna 
610 2 0 |a štát právny 
610 2 0 |a záruka 
610 2 0 |a spoločnosť 
100 1 |a Boguszak, Jiří 
700 1 |a Čapek, Jiří 
700 1 |a Gerloch, Aleš